00344nam a2200121Ia 4500008004100000020001400041050001500055100001700070245006100087260003700148300002400185650001300209150202s9999 xx 000 0 und d a439064872 aFIC bFIC  aRowling J.K. aHarry Potter and the chamber of secrets /cJ.K. Rowling. aNew York :bLevine Books,c1999. a341 pages :c23 cm. aFiction.